|
|
|
|
| LEADER |
00000nam0a2200000 4500 |
| 001 |
130888 |
| 005 |
20231031134055.0 |
| 010 |
|
|
|a 5217010665
|
| 020 |
|
|
|a RU
|b 91-45558
|
| 035 |
|
|
|a (RuTPU)RU\TPU\book\141758
|
| 090 |
|
|
|a 130888
|
| 100 |
|
|
|a 20080209d1991 km y0rusy5003 ca
|
| 101 |
0 |
|
|a rus
|
| 102 |
|
|
|a RU
|
| 105 |
|
|
|a a z 001zy
|
| 200 |
1 |
|
|a Асимптотические методы в строительной механике тонкостенных конструкций
|f И. Ф. Образцов, Б. В. Нерубайло, И. В. Андрианов
|
| 210 |
|
|
|a Москва
|c Машиностроение
|d 1991
|
| 215 |
|
|
|a 415,[1] с.
|c граф.
|
| 320 |
|
|
|a Библиогр.: с. 404-409. (90 назв.)
|
| 320 |
|
|
|a Предм. указ.: с. 410-412.
|
| 610 |
1 |
|
|a строительные конструкции тонкостенные
|
| 610 |
1 |
|
|a расчеты
|
| 610 |
1 |
|
|a асимптотические методы
|
| 675 |
|
|
|a 624.074-415
|z rus
|
| 700 |
|
1 |
|a Образцов
|b И. Ф.
|g Иван Филиппович
|4 070
|
| 701 |
|
1 |
|a Нерубайло
|b Б. В.
|g Борис Васильевич
|
| 701 |
|
1 |
|a Андрианов
|b И.В.
|g Игорь Васильевич
|
| 801 |
|
0 |
|a RU
|b RuMRKP
|c 19950417
|g psbo
|
| 801 |
|
1 |
|a RU
|b 63413507
|c 20080209
|g PSBO
|
| 801 |
|
2 |
|a RU
|b 63413507
|c 20130610
|g PSBO
|
| 942 |
|
|
|c BK
|